000 00724nam a2200217 i 4500
001 128787
003 ES-MaACL
005 20250808012558.0
007 t|
008 070524s1944 sp |||| |bspa d
080 _a929 Maura, Antonio
100 1 _aTaxonera, Luciano de,
_d1890-1967
_9109428
245 1 0 _aAntonio Maura
_b: la gran figura política de una época de España /
_cLuciano de Taxonera.
260 _a[Madrid] :
_bEditora Nacional,
_c[1944]
300 _a289 p. ;
_c17 cm.
490 1 _aBreviarios de la vida española
600 1 4 _aMaura y Montaner, Antonio,
_d1853-1925
_979224
830 0 0 _aBreviarios de la vida española
_9180821
852 _aES-MaACL
_jF-16008
999 _c128787
_d128787